Marvel Heroes by Real Names #16 - Statistics

General Stats
  • This quiz has been taken 9 times
  • The average score is 11 of 25
Answer Stats
Name Answer % Correct
Kamala Khan Ms. Marvel
89%
Warren Worthington III Angel
78%
William "Bill" Foster Goliath
78%
Mainframe Mainframe
78%
Thundra Thundra
78%
Simon Williams Wonder Man
78%
Zabu Zabu
78%
none; "monkey" might be most applicable Hit-Monkey
67%
Carl Lucas (later changes his name) Luke Cage/Power Man
67%
Margaret Carter Peggy Carter
67%
John Proudstar Thunderbird
56%
Nathaniel Richards Iron Lad
44%
Megan Gwynn Pixie
44%
Jesse Black Crow Black Crow
33%
Vance Astro Major Victory
33%
Maria Callasantos Feral
22%
James Bourne Solo
22%
Heather McNeil Vindicator
22%
Louise Grant Blonde Phantom
11%
Sophia Sanduval Chat
11%
Leiko Tanaka Go-Go
11%
unknown; young, green-furred Inhuman Naja
11%
Charles Little Sky Portal
11%
Victoria Star Shooting Star
11%
Edith Sawyer U-Go Girl
11%
No matching quizzes found
Score Distribution
Percent of People with Each Score
Percentile by Number Answered
Your Score History
You have not taken this quiz